00303cam a22000857a 4500008004000000082002100040245010200061260004600163300000800209180718b1961 xxu||||| |||| 00| 0 eng d aA45:K12 1960-61m aMemorandum on eleventh report of the Union Public Service Commissioncby Ministry of Home Affairs aNew DelhibMinistry of Home Affairsc1961 a8p.